The mainland China cookbook/ (Record no. 48279)

MARC details
000 -LEADER
fixed length control field 01785cam a2200325 a 4500
005 - DATE AND TIME OF LATEST TRANSACTION
control field 20031230185550.0
008 - FIXED-LENGTH DATA ELEMENTS--GENERAL INFORMATION
fixed length control field 940308s1993 enkab b 001 0 eng
010 ## - LCCN (DPL NO)
LC control number ENG-101671 B-444869-872
020 ## - INTERNATIONAL STANDARD BOOK NUMBER
Terms of availability 499.00
International Standard Book Number 9788184001150
035 ## - SYSTEM CONTROL NUMBER
System control number EN-85204 B-444869-872
037 ## - SOURCE OF ACQUISITION
Source of stock number/acquisition DBAD/PUB
037 ## - SOURCE OF ACQUISITION
Source of stock number/acquisition Allied Pub/Ven
040 ## - CATALOGING SOURCE
Original cataloging agency dpl
Language of cataloging Eng
082 ## - DEWEY DECIMAL CLASSIFICATION NUMBER
Classification number 641.5
100 1# - MAIN ENTRY--PERSONAL NAME
9 (RLIN) 22405
Personal name Chatterjee, Anjan
245 10 - TITLE STATEMENT
Title The mainland China cookbook/
Statement of responsibility, etc by Anjan Chatterjee
260 ## - PUBLICATION, DISTRIBUTION, ETC. (IMPRINT)
Place of publication, distribution, etc Noida
Name of publisher, distributor, etc Random House India
Date of publication, distribution, etc 2010
270 ## - ADDRESS
Address Mind Mill Corporate Tower, 2nd Floor, Plot No 24A Sector 16A,
City Noida
Postal code 201301
300 1# - PHYSICAL DESCRIPTION
Extent 196p.:
Dimensions 25cm (pbk)
Other physical details ill
650 #0 - SUBJECT ADDED ENTRY--TOPICAL TERM
9 (RLIN) 22448
651 ## - SUBJECT ADDED ENTRY--GEOGRAPHIC NAME
9 (RLIN) 22481
700 ## - ADDED ENTRY--PERSONAL NAME
9 (RLIN) 22431
942 ## - ADDED ENTRY ELEMENTS (KOHA)
Source of classification or shelving scheme Dewey Decimal Classification
Item type English Books
Call number suffix CHA
Classification part 641.5
Holdings
Withdrawn status Lost status Source of classification or shelving scheme Damaged status Not for loan Collection code Home library Current library Date acquired Source of acquisition Cost, normal purchase price Total Checkouts Full call number Barcode Date last seen Copy number Cost, replacement price Koha item type
    Dewey Decimal Classification     Non-fiction Central Library Central Library 01/02/2012 Allied Pub/1059/14.09.2011/85/24.3.2011/12.10.2011 499.00   641.5 CHA B-444869 01/02/2012 1 499.00 English Books
    Dewey Decimal Classification   Not For Loan Non-fiction D.B.Act.Division D.B.Act.Division 08/10/2010 DBAD/PUB 499.00   641.5 CHA EN-85204 08/10/2010 1 499.00 English Books
  Written-off vide DLB M. No. 383 dt 16.05.19 Dewey Decimal Classification     Non-fiction Karol Bagh Karol Bagh 01/02/2012 Allied Pub/1059/14.09.2011/85/24.3.2011/12.10.2011 499.00   641.5 CHA B-444872 01/02/2012 1 499.00 English Books
  Written-off vide DLB M. No. 383 dt 16.05.19 Dewey Decimal Classification     Non-fiction Patel Nagar Patel Nagar 01/02/2012 Allied Pub/1059/14.09.2011/85/24.3.2011/12.10.2011 499.00   641.5 CHA B-444870 01/02/2012 1 499.00 English Books
  Written-off vide DLB M. No. 383 dt 16.05.19 Dewey Decimal Classification     Non-fiction Sarojini Nagar Sarojini Nagar 01/02/2012 Allied Pub/1059/14.09.2011/85/24.3.2011/12.10.2011 499.00   641.5 CHA B-444871 23/05/2013 1 499.00 English Books

© Delhi Public Library
Hit Counter
free hit counter